02309cam a2200349 a 45000010005000000030008000050050017000130080041000300200022000710200015000930350034001080400041001420410008001830820022001911000029002132450132002422600081003743000035004555040020004905040032005105050899005426500043014416500031014846500028015156500032015436530053015758560086016288560074017149420012017889990015018009520144018159232BD-RjUL20211208234736.0140120s1983 enka b 001 0 eng d a0521358922 (pbk.) a0521250986 a(BD-RjUL)9277a(OCoLC)8975659 aDLCbengcDLCdDLCdLCdANLdBD-RjUL aeng00a539219bWHT 19831 aWheaton, Bruce R.92864314aThe tiger and the shark :bempirical roots of wave-particle dualism /cby Bruce R. Wheaton ; with a foreword by Thomas S. Kuhn. aCambridge [Cambridgeshire] ;aNew York :bCambridge University Press,c1983. axxiv, 355 p. :bill. ;c24 cm. aIncludes index. aBibliography: p. [309]-346.00aMachine derived contents note: Foreword Thomas S. Kuhn -- Preface -- Notes on sources -- 1. Introduction -- Part I. The Introduction of Temporal Discontinuity, 1896-1905: 2. The electromagnetic impulse hypothesis of x-rays -- 3. The analogy between y-rays and x-rays -- Part II. Ionization and the Recognition of Paradox, 1906-1910: 4. Secondary rays: British attempts to retain mechanism -- 5. The appeal in Germany to the quantum theory -- Part III. Seeking an Electrodynamic Solution, 1907-1912: 6. Localized energy in spreading impulses -- 7. Problems with visible light -- Part IV. Interference of X-Rays and the Corrobation of Paradox, 1912-1922: 8. Origins of x-ray spectroscopy -- 9. Quantum transformation experiments -- Part V. The Conceptual Origins of Wave-Particle Dualism, 1921-1925: 10. Synthesis of matter and light -- Epilogue: The tiger and the shark -- Bibliography -- Index. 0aWave-particle dualityxHistory.928644 0aRadiationxHistory.928645 0aX-raysxHistory.928646 0aGamma raysxHistory.928647 aQuantum theoryaWave-particle duality, 1896-1925423Publisher descriptionuhttp://www.loc.gov/catdir/description/cam022/82022069.html413Table of contentsuhttp://www.loc.gov/catdir/toc/cam023/82022069.html 2ddccBK c9232d9232 00102ddc40718NFICaRUCLbRUCLcStackd1986-01-04eKarim Internationalg27.50l0o539 WHT 1983r2014-01-20 00:00:00tC-1w2014-01-20yBK